| 000 | 00529nam a2200145Ia 4500 | ||
|---|---|---|---|
| 008 | 140724s9999 xx 000 0 und d | ||
| 050 |
_aLB 1025.3 _b.Es82 2010 |
||
| 100 | _aEstrada, Noime C. | ||
| 245 |
_aEvaluation of the teaching methods implemented by the teachers in little kids of ISAAC, Inc., Makati City / _cNoime C. Estrada. |
||
| 260 |
_aLas PiƱas, Philippines : _bSouthville International School and Colleges, _cc2010. |
||
| 300 |
_a53 p. : _c28 cm. |
||
| 521 | _aSpecial Education | ||
| 942 | _cTH | ||
| 999 |
_c229012 _d229012 |
||